000 01719nam a2200349 4500
003 EG-GICUC
005 20260121101646.0
008 260104s1993 ua ||||fr|||| 00| 0 ara d
017 _a89/2811
020 _a9770404691
040 _a EG-GICUC
_bara
_c EG-GICUC
_d EG-GICUC
_erda
041 0 _aara
082 0 4 _a343.416
_bع ا . ج
_221
092 0 4 _221
099 _aLaw1 10 343.416 ع ا . ج ed 2 - 1993 1006812
100 0 _aعادل محمد خير.
_eمؤلف.
245 1 2 _aالجرائم السياحية فى التشريع المصرى :
_bجرائم المنشآت السياحية و الفندقية، جرائم الشركات السياحية، جرائم المرشديين السياحيين، جرائم النزلاء و الرواد /
_cالدكتور عادل محمد خير.
246 _aالطبعة الثانية،
264 2 _aالقاهرة :
_bدار النهضة العربية،
_c1993.
300 _a331 صفحة ؛
_c24 سم.
_bإيضاحيات، صور، مثيليات ؛
336 _2rda content
_atext
337 _2rda media
_aComputer
338 _2rda carrier
_aOnline Resource
500 _aمدون على الغلاف الداخلي للكتاب عبارة (ملحق بالكتاب 34 قانونا وقرارا وزاريا واتفاقية دولية).
504 _aيشتمل على ارجاعات ببليوجرافية.
546 _aالنص أغلبه باللغة العربية مع بعض النصوص الفرنسية
650 1 _aتشريعات أخرى ذات طبيعة مالية وإقتصادية.
_2qrmak
651 1 _2qrmak
856 4 0 _uhttps://fll.law.cu.edu.eg/fulltext/bks/B11-06812.pdf
905 _a18
942 _2ddc
_n0
_cBK
_e21
999 _c54473
_d54473